00371nam a2200145Ia 4500003000400000005001700004008004100021020001500062040000900077082001700086100002300103245004600126260004400172300000900216OSt20200702110106.0190216s9999||||xx |||||||||||||| ||und|| a8185418349 coclc a915.4bMAN/M aManucci, Niccolao  0aMogul India 1653-1708 /cNiccolao Manucci bLow Price Publications, c1990.aDelhi: a387p